Climate change policy : (Record no. 6969)

MARC details
000 -LEADER
fixed length control field 01217cam a22003134a 4500
001 - CONTROL NUMBER
control field 12729826
003 - CONTROL NUMBER IDENTIFIER
control field OSt
005 - DATE AND TIME OF LATEST TRANSACTION
control field 20210531163527.0
008 - FIXED-LENGTH DATA ELEMENTS--GENERAL INFORMATION
fixed length control field 020404s2002 dcua b 001 0 eng
010 ## - LIBRARY OF CONGRESS CONTROL NUMBER
LC control number 2002005344
020 ## - INTERNATIONAL STANDARD BOOK NUMBER
International Standard Book Number 155963880X (acidfree paper)
020 ## - INTERNATIONAL STANDARD BOOK NUMBER
International Standard Book Number 0521596882
040 ## - CATALOGING SOURCE
Original cataloging agency DLC
Transcribing agency DLC
Modifying agency DLC
042 ## - AUTHENTICATION CODE
Authentication code pcc
050 00 - LIBRARY OF CONGRESS CALL NUMBER
Classification number QC981.8.C5
Item number C511416 2002
082 00 - DEWEY DECIMAL CLASSIFICATION NUMBER
Classification number 551.6JEP 1998
245 00 - TITLE STATEMENT
Title Climate change policy :
Remainder of title Facts,Issues,and Analysis
Statement of responsibility, etc. edited by Jepma,J.Catrinus;Munasinghe,Mohan;
260 ## - PUBLICATION, DISTRIBUTION, ETC. (IMPRINT)
Place of publication, distribution, etc. Cambridge
Name of publisher, distributor, etc. Cambridge university Press,
Date of publication, distribution, etc. 1998.
300 ## - PHYSICAL DESCRIPTION
Extent xvii, 331p. :
Other physical details ill. ;
Dimensions 24 cm.
504 ## - BIBLIOGRAPHY, ETC. NOTE
Bibliography, etc Includes bibliographical references and index.
650 #0 - SUBJECT ADDED ENTRY--TOPICAL TERM
Topical term or geographic name as entry element Climatic changes
General subdivision Government policy.
9 (RLIN) 14299
700 1# - ADDED ENTRY--PERSONAL NAME
Personal name Schneider, Stephen Henry.
9 (RLIN) 14300
700 1# - ADDED ENTRY--PERSONAL NAME
Personal name Rosencranz, Armin.
9 (RLIN) 14301
700 1# - ADDED ENTRY--PERSONAL NAME
Personal name Niles, John O.
9 (RLIN) 14302
856 42 - ELECTRONIC LOCATION AND ACCESS
Materials specified Publisher description
Uniform Resource Identifier http://www.loc.gov/catdir/enhancements/fy0666/2002005344-d.html
906 ## - LOCAL DATA ELEMENT F, LDF (RLIN)
a 7
b cbc
c orignew
d 1
e ecip
f 20
g y-gencatlg
942 ## - ADDED ENTRY ELEMENTS (KOHA)
Source of classification or shelving scheme Dewey Decimal Classification
Koha item type Open Shelf
Holdings
Withdrawn status Lost status Source of classification or shelving scheme Damaged status Not for loan Home library Current library Date acquired Source of acquisition Inventory number Total Checkouts Full call number Barcode Date last seen Price effective from Koha item type
    Dewey Decimal Classification     MUST Main Library MUST Main Library 31/05/2021 Purchase 03/18375   551.6JEP 1998 2021-0605 31/05/2021 31/05/2021 Open Shelf